LIBRARY & INFORMATION CENTRE, KCAET, TAVANUR

ONLINE PUBLIC ACCESS CATALOGUE (OPAC)

Text retrieval systems in information management / (Record no. 5737)

MARC details
000 -LEADER
fixed length control field 00525cam a2200205ua 4500
020 ## - INTERNATIONAL STANDARD BOOK NUMBER
ISBN 81-224-0760-9
041 ## - LANGUAGE CODE
Language code of text/sound track or separate title eng
082 ## - DEWEY DECIMAL CLASSIFICATION NUMBER
Classification number 025.04
Item number CHO/TE
100 ## - MAIN ENTRY--AUTHOR NAME
Personal name Chowdhury, G G .
245 ## - TITLE STATEMENT
Title Text retrieval systems in information management /
250 ## - EDITION STATEMENT
Edition statement 1 /
260 ## - PUBLICATION, DISTRIBUTION, ETC. (IMPRINT)
Place of publication New Delhi :
Name of publisher New Age International Ltd ,
Year of publication 1996.
300 ## - PHYSICAL DESCRIPTION
Number of Pages 211 ; .
500 ## - GENERAL NOTE
General note *CSS
942 ## - ADDED ENTRY ELEMENTS (KOHA)
Koha item type Books
Holdings
Withdrawn status Lost status Damaged status Home library Current library Date acquired Full call number Accession Number Koha item type Shelving location
      KAUAET KAUAET 07/04/2012 025.04 19775 Reference  
      KAUAET KAUAET 07/04/2012 025.04 20004 Books  
      KAUAET KAUAET 23/07/2018 025.04 CHO/TE 20304 Book Bank scheme for SC students Scheme
free website counter